Blackpink Albums by the B-side - Statistics

General Stats
  • This quiz has been taken 264 times
  • The average score is 4 of 6
Answer Stats
Hint Answer % Correct
~Typa Girl~ Born Pink
87%
~Whistle~ Square One
84%
~Playing with Fire~ Square Two
74%
~Crazy Over You~ The Album
72%
~Forever Young~ Square Up
68%
~Don't Know What To Do~ Kill This Love
60%
No matching quizzes found
Score Distribution
Percent of People with Each Score
Percentile by Number Answered
Your Score History
You have not taken this quiz